000 01215nam a2200337 a 4500
001 000112900
003 CHAP
005 20220329144327.0
008 170208s2016 mx sm |||||||spa d
010 _a109361
011 _a110333
040 _cCHAP
090 _aTesis
100 1 _aGonzález Alonso, Ignacio.
_9131456
245 1 0 _aTolerancia a la desecación en semillas de guanábana (Annona muricata L.)
_h[En línea]
_cpor Ignacio González Alonso.
260 _aChapingo, Méx. :
_bEl autor,
_c2016.
500 _aPara ver el contenido del material haga clic en la liga
502 _aTesis (Ing. Agr. Esp. en Fitotecnia) -- UACH. Departamento de Fitotecnia
590 _aBATCH-UPD
_b05
_c20170208
_lUCH01
_h1128
590 _aBATCH-UPD
_b05
_c20170209
_lUCH01
_h1034
590 _aE5765TAJ
_b05
_c20170208
_lUCH01
_h1127
590 _aE5765TAJ
_b05
_c20170208
_lUCH01
_h1127
650 1 4 _aGuanábana
_xSemilla.
_950999
650 1 4 _aSemillas
_xDeshidratación.
_9103889
650 1 4 _aSemillas
_xEfecto de la humedad.
_9103896
650 1 4 _aSemillas
_xGerminación.
_9103903
856 _aFinding aid
_uhttp://10.13.5.2/tesis/sist112900.pdf
_zTeclea aquí
901 _aBK
942 _cTESIS
942 _n0
999 _c109361
_d109361